<?xml version="1.0" encoding="UTF-8"?><?xml-stylesheet type="text/xsl" href="static/style.xsl"?><OAI-PMH xmlns="http://www.openarchives.org/OAI/2.0/" xmlns:xsi="http://www.w3.org/2001/XMLSchema-instance" xsi:schemaLocation="http://www.openarchives.org/OAI/2.0/ http://www.openarchives.org/OAI/2.0/OAI-PMH.xsd"><responseDate>2026-06-07T05:25:43Z</responseDate><request verb="GetRecord" identifier="oai:riuma.uma.es:10630/40662" metadataPrefix="marc">https://riuma.uma.es/rest/oai/request</request><GetRecord><record><header><identifier>oai:riuma.uma.es:10630/40662</identifier><datestamp>2026-02-03T11:08:13Z</datestamp><setSpec>com_10630_2254</setSpec><setSpec>col_10630_37953</setSpec></header><metadata><record xmlns="http://www.loc.gov/MARC21/slim" xmlns:dcterms="http://purl.org/dc/terms/" xmlns:doc="http://www.lyncode.com/xoai" xmlns:xsi="http://www.w3.org/2001/XMLSchema-instance" xsi:schemaLocation="http://www.loc.gov/MARC21/slim http://www.loc.gov/standards/marcxml/schema/MARC21slim.xsd">
   <leader>00925njm 22002777a 4500</leader>
   <datafield ind2=" " ind1=" " tag="042">
      <subfield code="a">dc</subfield>
   </datafield>
   <datafield ind2=" " ind1=" " tag="720">
      <subfield code="a">Roanes-Lozano, Eugenio</subfield>
      <subfield code="e">author</subfield>
   </datafield>
   <datafield ind2=" " ind1=" " tag="720">
      <subfield code="a">Galán-García, José Luis</subfield>
      <subfield code="e">author</subfield>
   </datafield>
   <datafield ind2=" " ind1=" " tag="720">
      <subfield code="a">Aguilera-Venegas, Gabriel</subfield>
      <subfield code="e">author</subfield>
   </datafield>
   <datafield ind2=" " ind1=" " tag="260">
      <subfield code="c">2015-09-15</subfield>
   </datafield>
   <datafield ind2=" " ind1=" " tag="520">
      <subfield code="a">Modern cars have many dashboard lights and not all drivers recognize or know the importance of all of them. Red symbols usually indicate a safety issue or a serious problem, meanwhile yellow symbols use to indicate a not so urgent problem. Green and blue symbols usually provide information about the systems connected. But not all the red icons require of the same action, and the user manuals of most modern cars, with their sophisticated electronic systems, have hundreds of pages. Meanwhile, smart devices have become popular and have an outstanding computing power plus Internet connection. Consequently, the conditions for developing a knowledge-based system that helped the unaware driver in case a dashboard light went on, exist. The application should evaluate the situation and recommend the best actions to be carried out by the driver (regarding the possible repair on site or at a workshop, its urgency or even the need to immobilize the vehicle immediately). We have designed such a knowledge-based system and have developed a simplified one as example. A friendly Graphical User Interface has been developed in order to ease the communication with the application and its use in remote using any smart device with Internet connection.</subfield>
   </datafield>
   <datafield ind1="8" ind2=" " tag="024">
      <subfield code="a">Eugenio Roanes-Lozano, José Luis Galán-García, Gabriel Aguilera-Venegas, A portable knowledge-based system for car breakdown evaluation, Applied Mathematics and Computation, Volume 267, 2015, Pages 758-770, ISSN 0096-3003, https://doi.org/10.1016/j.amc.2014.12.001.</subfield>
   </datafield>
   <datafield ind1="8" ind2=" " tag="024">
      <subfield code="a">https://hdl.handle.net/10630/40662</subfield>
   </datafield>
   <datafield ind1="8" ind2=" " tag="024">
      <subfield code="a">10.1016/j.amc.2014.12.001</subfield>
   </datafield>
   <datafield tag="653" ind2=" " ind1=" ">
      <subfield code="a">Algebra</subfield>
   </datafield>
   <datafield tag="653" ind2=" " ind1=" ">
      <subfield code="a">Automóviles - Averías</subfield>
   </datafield>
   <datafield tag="653" ind2=" " ind1=" ">
      <subfield code="a">Sistemas expertos (Informática)</subfield>
   </datafield>
   <datafield ind2="0" ind1="0" tag="245">
      <subfield code="a">A portable knowledge-based system for car breakdown evaluation.</subfield>
   </datafield>
</record>
</metadata></record></GetRecord></OAI-PMH>